Airthmetornos B : (Record no. 103379)
[ view plain ]
| 000 -LEADER | |
|---|---|
| fixed length control field | 00733nam a2200205 a 4500 |
| 005 - DATE AND TIME OF LATEST TRANSACTION | |
| control field | 20140412111301.0 |
| 008 - FIXED-LENGTH DATA ELEMENTS--GENERAL INFORMATION | |
| fixed length control field | 001111s19uu xx 00 eng d |
| 020 ## - INTERNATIONAL STANDARD BOOK NUMBER | |
| International Standard Book Number | 1-56107-645-7 |
| 050 ## - LIBRARY OF CONGRESS CALL NUMBER | |
| Classification number | TR(GS 513.146 |
| Item number | COO771 1995 |
| 100 ## - MAIN ENTRY--PERSONAL NAME | |
| Personal name | Cook, Marcy |
| 245 ## - TITLE STATEMENT | |
| Title | Airthmetornos B : |
| Remainder of title | logica / |
| Statement of responsibility, etc | Marcy Cook. |
| 260 ## - PUBLICATION, DISTRIBUTION, ETC. (IMPRINT) | |
| Place of publication, distribution, etc | Mountain View, CA : |
| Name of publisher, distributor, etc | Creative Pub. |
| 300 ## - PHYSICAL DESCRIPTION | |
| Extent | 24p.(pt.1); 24p. (pt.2); ill. |
| 440 ## - SERIES STATEMENT/ADDED ENTRY--TITLE | |
| Title | Mathland |
| 500 ## - GENERAL NOTE | |
| General note | Student guide for grade 2. Spanish text Two books in one "combinaciones de numeros" (part 2) |
| 650 ## - SUBJECT ADDED ENTRY--TOPICAL TERM | |
| Topical term or geographic name as entry element | Arithmetic -- Problems, exercises, etc. -- Study and teaching |
| 650 ## - SUBJECT ADDED ENTRY--TOPICAL TERM | |
| Topical term or geographic name as entry element | Spanish language -- Reading materials |
| 650 ## - SUBJECT ADDED ENTRY--TOPICAL TERM | |
| Topical term or geographic name as entry element | Logic, symbolic and mathematicsal |
| Withdrawn status | Lost status | Damaged status | Home library | Current library | Shelving location | Date acquired | Source of acquisition | Total Checkouts | Full call number | Barcode | Date last seen | Price effective from | Koha item type |
|---|---|---|---|---|---|---|---|---|---|---|---|---|---|
| Elizalde Library | Elizalde Library | Teachers Reference Section | 11/11/2000 | TR(GS 513.146 COO771 1995 | E4634 | 04/12/2014 | 04/12/2014 | Books |